[Event "Athens op 01-A"]
[Site "Athens"]
[Date "2012.01.17"]
[Round "2"]
[White "Paouris, Nikolaos"]
[Black "Drakopoulos, Anastasios"]
[Result "1/2-1/2"]
[WhiteElo "1996"]
[BlackElo "2147"]
[PlyCount "37"]
[EventDate "2012.01.10"]
[EventType "swiss"]
[EventRounds "7"]
[EventCountry "GRE"]
[SourceTitle "EXT 2014"]
[Source "ChessBase"]
[SourceDate "2013.11.20"]
[SourceVersion "1"]
[SourceVersionDate "2013.11.20"]
[SourceQuality "1"]

1. c4 c6 2. g3 d5 3. Nf3 Bg4 4. Bg2 Nd7 5. cxd5 cxd5 6. Qa4 Ngf6 7. Nc3 e6 8. Ne5 Bf5 9. d3 a6 10. Nxd7 Nxd7 11. 0-0 Be7 12. e4 Bg6 13. exd5 b5 14. Qc2 Nc5 15. Ne4 Rc8 16. Qe2 0-0 17. Nxc5 Bxc5 18. Be3 exd5 19. Bxc5 1/2-1/2

[Event "Athens Smaok op 12th"]
[Site "Athens"]
[Date "2011.10.14"]
[Round "5"]
[White "Koutoukidis, Panagiotis"]
[Black "Drakopoulos, Anastasios"]
[Result "0-1"]
[WhiteElo "2053"]
[BlackElo "2149"]
[PlyCount "97"]
[EventDate "2011.09.13"]
[EventType "swiss"]
[EventRounds "7"]
[EventCountry "GRE"]
[SourceTitle "EXT 2024"]
[Source "ChessBase"]
[SourceDate "2023.10.10"]
[SourceVersion "1"]
[SourceVersionDate "2023.10.10"]
[SourceQuality "1"]

1. e4 d6 2. d4 Nf6 3. Nc3 e5 4. Nf3 Nbd7 5. g4 Nxg4 6. Rg1 Ngf6 7. Bc4 h6 8. Be3 c6 9. Qd3 b5 10. Bxf7+ Kxf7 11. dxe5 dxe5 12. Nxe5+ Nxe5 13. Qxd8 Nf3+ 14. Kd1 Nxg1 15. Qc7+ Be7 16. Qg3 b4 17. Ne2 Rd8+ 18. Ke1 Nxe2 19. Kxe2 Nxe4 20. Qf3+ Nf6 21. Qxc6 Bg4+ 22. Kf1 Rac8 23. Qa4 Bh3+ 24. Kg1 Rc4 25. f3 Bd7 26. Qxa7 Bc6 27. Re1 Nd5 28. b3 Rxc2 29. Kh1 Rd7 30. Qd4 Bc5 31. Qe4 Nxe3 32. Qxc6 Rdd2 33. Qc7+ Kg8 34. Qb8+ Kh7 35. Qf4 g5 36. Qf7+ Kh8 37. Qe8+ Kg7 38. Rxe3 Rxh2+ 39. Kg1 Rcg2+ 40. Kf1 Bxe3 41. Qe7+ Kg6 42. Qe8+ Kf6 43. Qf8+ Ke5 44. Qe7+ Kd4 45. Qe4+ Kc3 46. Qxe3+ Kb2 47. Qd4+ Kb1 48. f4 Rc2 49. Qe4 0-1

[Event "Athens Smaok op 12th"]
[Site "Athens"]
[Date "2011.09.20"]
[Round "2"]
[White "Drakopoulos, Anastasios"]
[Black "Papadopoulos, Georgios Vas"]
[Result "0-1"]
[WhiteElo "2149"]
[BlackElo "2027"]
[PlyCount "132"]
[EventDate "2011.09.13"]
[EventType "swiss"]
[EventRounds "7"]
[EventCountry "GRE"]
[SourceTitle "EXT 2024"]
[Source "ChessBase"]
[SourceDate "2023.10.10"]
[SourceVersion "1"]
[SourceVersionDate "2023.10.10"]
[SourceQuality "1"]

1. Nf3 Nf6 2. g3 e6 3. Bg2 Be7 4. c4 0-0 5. 0-0 d5 6. b3 b6 7. Bb2 Bb7 8. e3 Nbd7 9. Nc3 c5 10. cxd5 exd5 11. d4 Rc8 12. dxc5 Nxc5 13. Bh3 Ra8 14. Nd4 Nfe4 15. Qc2 Bf6 16. Rfd1 g6 17. Nxe4 Nxe4 18. Rac1 Ng5 19. Bg2 Rc8 20. Qe2 Qd7 21. Nf3 Bxb2 22. Qxb2 Ne4 23. Nd4 Qe7 24. Ne2 Rfe8 25. Nf4 Rcd8 26. Qd4 Ng5 27. Rc2 Ne6 28. Qe5 Nxf4 29. Qxf4 Rd7 30. Rcd2 Red8 31. Qa4 a6 32. h4 Qe6 33. Kh2 Rd6 34. Rd4 Qe5 35. Qb4 a5 36. Qd2 f5 37. Qd3 R8d7 38. b4 axb4 39. Rxb4 h6 40. a4 Kg7 41. Qb3 g5 42. Rdd4 Rf7 43. a5 Rff6 44. axb6 Rf7 45. Qb2 Kg8 46. Qd2 Qe6 47. Rb5 Rfd7 48. Kg1 Kg7 49. Qb2 Kg8 50. Qb3 Kg7 51. Ra4 f4 52. exf4 Qe1+ 53. Kh2 gxh4 54. Qb2+ Rf6 55. Ra1 Qe8 56. Rb3 Qh5 57. Bh3 Re7 58. Ra7 Qd1 59. Re3 Ref7 60. gxh4 d4 61. Rg3+ Kh7 62. Rg1 Qf3 63. Qxd4 Rxf4 64. Qc5 Rxh4 65. Qc2+ Kh8 66. Qb2+ Rf6 0-1

[Event "Athens Smaok op 10th"]
[Site "Athens"]
[Date "2011.03.22"]
[Round "2"]
[White "Drakopoulos, Anastasios"]
[Black "Kalitsis, Nikolaos"]
[Result "1-0"]
[WhiteElo "2171"]
[BlackElo "1998"]
[PlyCount "70"]
[EventDate "2011.03.15"]
[EventType "swiss"]
[EventRounds "7"]
[EventCountry "GRE"]
[SourceTitle "EXT 2024"]
[Source "ChessBase"]
[SourceDate "2023.10.10"]
[SourceVersion "1"]
[SourceVersionDate "2023.10.10"]
[SourceQuality "1"]

1. Nf3 Nf6 2. g3 b6 3. Bg2 Bb7 4. c4 e6 5. 0-0 Be7 6. Nc3 0-0 7. Re1 d5 8. cxd5 exd5 9. d4 c5 10. Bf4 Na6 11. dxc5 bxc5 12. Nh4 Qd7 13. Qa4 Rfd8 14. Qxd7 Rxd7 15. Bh3 Rdd8 16. Nf5 Bf8 17. Bg5 d4 18. Bxf6 gxf6 19. Nd1 Nb4 20. Rf1 Re8 21. e3 Ba6 22. exd4 Bxf1 23. Kxf1 Nc2 24. Rc1 Re1+ 25. Kg2 Nxd4 26. Nfe3 h5 27. Rc4 Ne2 28. Nc3 Rg1+ 29. Kf3 Nd4+ 30. Ke4 Re8+ 31. Kd3 Rh1 32. Ncd5 Kg7 33. b4 Rxh2 34. bxc5 Nc6 35. Bd7 Ne5+ 1-0

[Event "Athens Smaok op"]
[Site "Athens"]
[Date "2010.12.03"]
[Round "7.2"]
[White "Drakopoulos, Anastasios"]
[Black "Klimis, Laertis"]
[Result "1/2-1/2"]
[WhiteElo "2221"]
[BlackElo "2052"]
[PlyCount "170"]
[EventDate "2010.09.30"]
[EventType "swiss"]
[EventRounds "7"]
[EventCountry "GRE"]
[SourceTitle "EXT 2024"]
[Source "ChessBase"]
[SourceDate "2023.10.10"]
[SourceVersion "1"]
[SourceVersionDate "2023.10.10"]
[SourceQuality "1"]

1. d4 Nf6 2. c4 e6 3. g3 c5 4. d5 exd5 5. cxd5 d6 6. Nc3 Be7 7. Bg2 0-0 8. Nf3 Re8 9. 0-0 Bf8 10. Nd2 Nbd7 11. h3 Rb8 12. a4 b6 13. Nb5 Rb7 14. Nc4 Ne5 15. Nba3 Bf5 16. f3 a6 17. e4 Bc8 18. Nxe5 Rxe5 19. Nc4 Re8 20. Re1 b5 21. axb5 axb5 22. Na5 Rd7 23. b4 Nh5 24. g4 Qf6 25. Be3 Nf4 26. Qd2 g5 27. Bf1 c4 28. Nc6 Bb7 29. Nd4 h5 30. Nf5 hxg4 31. hxg4 Rc8 32. Bd4 Qg6 33. Bc3 f6 34. Qd4 Rf7 35. Ra2 Re8 36. Ra7 Bc8 37. Rxf7 Kxf7 38. Qb6 Bxf5 39. exf5 Qh6 40. Rxe8 Kxe8 41. Qxb5+ Kf7 42. Be1 Be7 43. Qxc4 Bd8 44. Bf2 Qf8 45. Qe4 Kg7 46. b5 Qf7 47. b6 Qb7 48. Qd4 Nxd5 49. Bc4 Nxb6 50. Qxd6 Nxc4 51. Qxd8 Ne5 52. Bg3 Nxf3+ 53. Kf2 Qe4 54. Bd6 Nh4 55. Qf8+ Kh7 56. Qf7+ Kh8 57. Qxf6+ Kg8 58. Qxg5+ Kf7 59. Qh5+ Kg8 60. Qxh4 Qd4+ 61. Ke2 Qxd6 62. Qg5+ Kf7 63. Qe3 Qh2+ 64. Kf3 Qh1+ 65. Kf4 Qh6+ 66. Ke4 Qc6+ 67. Ke5 Qc7+ 68. Kd5 Qd7+ 69. Ke4 Qc6+ 70. Kf4 Qh6+ 71. g5 Qh2+ 72. Kg4 Qg2+ 73. Qg3 Qe4+ 74. Qf4 Qg2+ 75. Qg3 Qe4+ 76. Kh5 Qxf5 77. Qc7+ Kg8 78. Qd8+ Kf7 79. Qc7+ Kg8 80. Qc4+ Kg7 81. Qd4+ Kh7 82. Qa7+ Kg8 83. Qb8+ Kg7 84. Qc7+ Kg8 85. Kh6 Qh3+ 1/2-1/2

[Event "Athens Smaok op"]
[Site "Athens"]
[Date "2010.10.18"]
[Round "3.1"]
[White "Drakopoulos, Anastasios"]
[Black "Galanos, Dimitrios"]
[Result "1-0"]
[WhiteElo "2221"]
[BlackElo "2096"]
[PlyCount "109"]
[EventDate "2010.09.30"]
[EventType "swiss"]
[EventRounds "7"]
[EventCountry "GRE"]
[SourceTitle "EXT 2024"]
[Source "ChessBase"]
[SourceDate "2023.10.10"]
[SourceVersion "1"]
[SourceVersionDate "2023.10.10"]
[SourceQuality "1"]

1. d4 Nf6 2. c4 g6 3. Nf3 Bg7 4. g3 0-0 5. Bg2 d6 6. Nc3 Nbd7 7. 0-0 c5 8. d5 Rb8 9. a4 a6 10. h3 Ne8 11. a5 b5 12. axb6 Nxb6 13. Qd3 Nc7 14. Bf4 Nd7 15. Ra2 Rb4 16. Rb1 Na8 17. Na4 Nab6 18. Nxb6 Qxb6 19. b3 Nf6 20. Ne1 Qc7 21. e4 Nh5 22. Bd2 Rb8 23. g4 Nf6 24. f4 h5 25. g5 Nd7 26. Nf3 Kh7 27. Re1 Qb7 28. Re3 Nb6 29. Kh1 e6 30. dxe6 fxe6 31. Qxd6 Nxc4 32. bxc4 Qb1+ 33. Re1 Qxa2 34. Qxb8 e5 35. Qc7 Qxc4 36. Nxe5 Qc2 37. Nf3 c4 38. Rc1 Qxe4 39. Bc3 Qb7 40. Qxc4 Bxh3 41. Bxg7 Rc8 42. Qxc8 Bxc8 43. Be5 Bd7 44. Rc7 Qb1+ 45. Kh2 Qf5 46. Nd4 Qg4 47. Bc6 Qh3+ 48. Kg1 Qe3+ 49. Kf1 Qd3+ 50. Ne2 Qb1+ 51. Kg2 Qc2 52. Rxd7+ Kg8 53. Rd8+ Kf7 54. Bd5+ Ke7 55. Bf6# 1-0

[Event "Athens op"]
[Site "Athens"]
[Date "2010.10.12"]
[Round "4"]
[White "Drakopoulos, Anastasios"]
[Black "Koerant, Filipos"]
[Result "1-0"]
[WhiteElo "2221"]
[BlackElo "1996"]
[PlyCount "80"]
[EventDate "2010.09.21"]
[EventType "swiss"]
[EventRounds "7"]
[EventCountry "GRE"]
[SourceTitle "EXT 2012"]
[Source "ChessBase"]
[SourceDate "2011.11.24"]
[SourceVersion "1"]
[SourceVersionDate "2011.11.24"]
[SourceQuality "1"]

1. d4 Nf6 2. c4 e6 3. g3 c5 4. d5 exd5 5. cxd5 b5 6. Nf3 Bb7 7. e4 Nxe4 8. Bg2 Be7 9. 0-0 0-0 10. Re1 Nd6 11. Bf4 Re8 12. Nc3 a6 13. Rc1 Nc4 14. a4 d6 15. b3 Nb6 16. axb5 N8d7 17. bxa6 Bxa6 18. Ne4 Bb7 19. Nxd6 Bxd6 20. Bxd6 Bxd5 21. Rxe8+ Qxe8 22. Bxc5 h6 23. Bd4 Ra3 24. Rc3 Qa8 25. Re3 Nc5 26. b4 Rxe3 27. Bxe3 Nca4 28. Bd4 Qc6 29. Bxb6 Nxb6 30. Ne5 Qb5 31. Qd4 Bxg2 32. Kxg2 Nd5 33. Nd3 Qc6 34. Kg1 Qb5 35. h4 Qc6 36. Nc5 Nf6 37. Qc4 Qf3 38. b5 Ng4 39. Qd4 h5 40. b6 Qa3 1-0

[Event "Athens op"]
[Site "Athens"]
[Date "2010.10.05"]
[Round "3"]
[White "Kostopoulos, Evaggelos"]
[Black "Drakopoulos, Anastasios"]
[Result "1-0"]
[WhiteElo "2197"]
[BlackElo "2221"]
[PlyCount "63"]
[EventDate "2010.09.21"]
[EventType "swiss"]
[EventRounds "7"]
[EventCountry "GRE"]
[SourceTitle "EXT 2012"]
[Source "ChessBase"]
[SourceDate "2011.11.24"]
[SourceVersion "1"]
[SourceVersionDate "2011.11.24"]
[SourceQuality "1"]

1. d4 d5 2. c4 c6 3. Nf3 Nf6 4. Nc3 a6 5. g3 e6 6. Bg2 Nbd7 7. 0-0 b5 8. c5 Be7 9. Qc2 b4 10. Na4 a5 11. a3 Ba6 12. Re1 bxa3 13. Rxa3 0-0 14. Bd2 Ne4 15. Bxa5 Qxa5 16. Nb6 Qxe1+ 17. Nxe1 Nxb6 18. cxb6 Bxa3 19. bxa3 Bb5 20. Bxe4 dxe4 21. Qxe4 Rfb8 22. Nf3 h6 23. g4 Rxb6 24. g5 Rxa3 25. gxh6 gxh6 26. Ne5 Ra7 27. h4 f6 28. Ng4 Rg7 29. Qxe6+ Kh7 30. Kh2 Rb8 31. Nxf6+ Kh8 32. Nh5 1-0

[Event "Athens Smaok op"]
[Site "Athens"]
[Date "2010.09.30"]
[Round "1.1"]
[White "Drakopoulos, Anastasios"]
[Black "Soursos, Panayotis"]
[Result "1-0"]
[WhiteElo "2221"]
[BlackElo "1703"]
[PlyCount "71"]
[EventDate "2010.09.30"]
[EventType "swiss"]
[EventRounds "7"]
[EventCountry "GRE"]
[SourceTitle "EXT 2024"]
[Source "ChessBase"]
[SourceDate "2023.10.10"]
[SourceVersion "1"]
[SourceVersionDate "2023.10.10"]
[SourceQuality "1"]

1. d4 Nf6 2. c4 g6 3. Nf3 Bg7 4. Nc3 d6 5. e4 0-0 6. Be2 c5 7. d5 Nbd7 8. h3 a6 9. a4 Ne8 10. 0-0 Ne5 11. Nh2 Nd7 12. Be3 b6 13. Qc2 e5 14. dxe6 fxe6 15. Rad1 Qe7 16. f4 Nb8 17. Bf3 Bb7 18. a5 bxa5 19. e5 dxe5 20. Bxb7 Qxb7 21. fxe5 Rxf1+ 22. Rxf1 Qc7 23. Ng4 Nd7 24. Nh6+ Bxh6 25. Bxh6 Qxe5 26. Qf2 Qd4 27. Be3 Qf6 28. Qg3 Qg7 29. Ne4 Nef6 30. Nxf6+ Nxf6 31. Qf3 Rf8 32. Bxc5 Nd7 33. Bxf8 Nxf8 34. Qa8 Qd4+ 35. Kh1 Qd6 36. Qe8 1-0

[Event "Athens Smaok 1900+ op 6th"]
[Site "Athens"]
[Date "2010.06.15"]
[Round "6.4"]
[White "Koerant, Filipos"]
[Black "Drakopoulos, Anastasios"]
[Result "1-0"]
[WhiteElo "2051"]
[BlackElo "2220"]
[PlyCount "65"]
[EventDate "2010.05.11"]
[EventType "swiss"]
[EventRounds "7"]
[EventCountry "GRE"]
[SourceTitle "EXT 2024"]
[Source "ChessBase"]
[SourceDate "2023.10.10"]
[SourceVersion "1"]
[SourceVersionDate "2023.10.10"]
[SourceQuality "1"]

1. d4 Nf6 2. c4 g6 3. Nc3 Bg7 4. Nf3 0-0 5. Bf4 d6 6. e3 c5 7. Be2 Nh5 8. Bg5 h6 9. Bh4 g5 10. Ng1 cxd4 11. exd4 Nf4 12. Bg3 Nxg2+ 13. Kf1 Nf4 14. h4 Nxe2 15. Ngxe2 e5 16. hxg5 hxg5 17. Qc2 f5 18. dxe5 dxe5 19. Rd1 Qe7 20. Nd5 Qf7 21. Nec3 Na6 22. f3 Be6 23. Qh2 Rfe8 24. Bxe5 Qg6 25. Bxg7 Kxg7 26. Qe5+ Kf7 27. Nb5 Rad8 28. Qh2 Rh8 29. Nd6+ Rxd6 30. Qxh8 Bxd5 31. Rh7+ Ke6 32. cxd5+ Rxd5 33. Re1+ 1-0

[Event "Athens Smaok 1900+ op 6th"]
[Site "Athens"]
[Date "2010.05.28"]
[Round "3.13"]
[White "Drakopoulos, Anastasios"]
[Black "Sideris, Theodoros"]
[Result "1-0"]
[WhiteElo "2220"]
[BlackElo "2041"]
[PlyCount "96"]
[EventDate "2010.05.11"]
[EventType "swiss"]
[EventRounds "7"]
[EventCountry "GRE"]
[SourceTitle "EXT 2024"]
[Source "ChessBase"]
[SourceDate "2023.10.10"]
[SourceVersion "1"]
[SourceVersionDate "2023.10.10"]
[SourceQuality "1"]

1. d4 Nf6 2. c4 c5 3. d5 b5 4. cxb5 a6 5. bxa6 Bxa6 6. Nc3 g6 7. g3 d6 8. Bg2 Bg7 9. Nf3 0-0 10. 0-0 Ne8 11. Qc2 Nc7 12. Rd1 Nb5 13. Nxb5 Bxb5 14. a4 Qd7 15. a5 Na6 16. Bf4 Nb4 17. Qd2 Ra6 18. e4 Qc7 19. Bh6 Rxa5 20. Rxa5 Qxa5 21. Bxg7 Kxg7 22. e5 Qc7 23. exd6 Qxd6 24. Ng5 Rc8 25. Ne4 Qe5 26. d6 exd6 27. Nxd6 Rb8 28. f4 Qf6 29. Ne4 Qd4+ 30. Qxd4+ cxd4 31. Rxd4 Nc2 32. Rd2 Ne3 33. Nc3 Ba6 34. Bf3 Nc4 35. Rd7 Rxb2 36. Bd5 Ne3 37. Bxf7 Kf8 38. Nd5 Rg2+ 39. Kh1 Rd2 40. Kg1 Rg2+ 41. Kh1 Rd2 42. Kg1 Rd1+ 43. Kf2 Ng4+ 44. Kf3 Bc8 45. Rc7 Bf5 46. Nc3 Rf1+ 47. Ke2 Rf2+ 48. Ke1 Rb2 1-0

[Event "Athens Smaok op 5th"]
[Site "Athens"]
[Date "2010.04.20"]
[Round "5.4"]
[White "Drakopoulos, Anastasios"]
[Black "Anastasopoulos, Spyros"]
[Result "1-0"]
[WhiteElo "2206"]
[BlackElo "2148"]
[PlyCount "45"]
[EventDate "2010.03.16"]
[EventType "swiss"]
[EventRounds "7"]
[EventCountry "GRE"]
[SourceTitle "EXT 2024"]
[Source "ChessBase"]
[SourceDate "2023.10.10"]
[SourceVersion "1"]
[SourceVersionDate "2023.10.10"]
[SourceQuality "1"]

1. d4 Nf6 2. Nf3 d6 3. c4 g6 4. g3 Bg7 5. Bg2 0-0 6. 0-0 Nbd7 7. Nc3 e5 8. e4 exd4 9. Nxd4 Re8 10. h3 a6 11. Be3 Rb8 12. b3 c5 13. Nde2 Ne5 14. Rc1 Nh5 15. Rc2 Qf6 16. f4 Nc6 17. g4 Nd4 18. Rd2 Qh4 19. Bf2 Nf3+ 20. Kh1 Bxc3 21. Bxh4 Nxd2 22. Nxc3 Nxf1 23. Qxf1 1-0

[Event "Athens Smaok op 4th"]
[Site "Athens"]
[Date "2010.02.02"]
[Round "4"]
[White "Drakopoulos, Anastasios"]
[Black "Savoglou, Nikolaos"]
[Result "1-0"]
[WhiteElo "2206"]
[BlackElo "1977"]
[PlyCount "47"]
[EventDate "2010.01.12"]
[EventType "swiss"]
[EventRounds "7"]
[EventCountry "GRE"]
[SourceTitle "EXT 2011"]
[Source "ChessBase"]
[SourceDate "2010.11.26"]
[SourceVersion "1"]
[SourceVersionDate "2010.11.26"]
[SourceQuality "1"]

1. e4 e6 2. d4 d5 3. Nd2 c5 4. Ngf3 Nc6 5. exd5 exd5 6. Bb5 Bd6 7. dxc5 Bxc5 8. 0-0 Nge7 9. Nb3 Bb6 10. Re1 0-0 11. Be3 Bxe3 12. Rxe3 Bg4 13. Be2 Qd6 14. Nfd4 Bxe2 15. Qxe2 Nxd4 16. Nxd4 Ng6 17. Rd1 Rac8 18. c3 a6 19. Qh5 Rc7 20. g3 b5 21. a3 Rb7 22. Qe2 Qc5 23. h4 Rc8 24. Qg4 1-0

[Event "Athens Smaok-ch"]
[Site "Athens"]
[Date "2007.09.26"]
[Round "3.3"]
[White "Nikolaidis, Georgios"]
[Black "Drakopoulos, Anastasios"]
[Result "0-1"]
[WhiteElo "1948"]
[BlackElo "2184"]
[PlyCount "86"]
[EventDate "2007.09.12"]
[EventType "swiss"]
[EventRounds "9"]
[EventCountry "GRE"]
[SourceTitle "EXT 2024"]
[Source "ChessBase"]
[SourceDate "2023.10.10"]
[SourceVersion "1"]
[SourceVersionDate "2023.10.10"]
[SourceQuality "1"]

1. e4 c5 2. Nf3 d6 3. Nc3 e6 4. Be2 Nf6 5. d4 cxd4 6. Nxd4 Be7 7. Be3 a6 8. a4 b6 9. Qd2 Bb7 10. Bf3 Qc7 11. 0-0 Nbd7 12. Rfe1 Ne5 13. Bg5 Nc4 14. Qc1 Rc8 15. Nde2 h6 16. Be3 Nd7 17. g3 Nxe3 18. Qxe3 Bg5 19. Qd4 Ne5 20. Bg2 Bf6 21. Qb4 0-0 22. Rad1 Rfd8 23. h3 Nc4 24. Kh2 Ba8 25. Rd3 Be7 26. Qb3 Qc5 27. Kg1 Bf6 28. Qa2 b5 29. axb5 axb5 30. Qb3 Ne5 31. Rd2 Nc4 32. Rd3 Nxb2 33. Qxb2 b4 34. Qb3 bxc3 35. Ra1 Rb8 36. Qa3 Rb1+ 37. Kh2 Rxa1 38. Qxa1 Qxf2 39. Nxc3 Rc8 40. Qa6 Rf8 41. Qa4 Bxc3 42. Rxc3 d5 43. h4 dxe4 0-1

[Event "Athens Smaok op 1th"]
[Site "Athens"]
[Date "2006.12.22"]
[Round "7.8"]
[White "Drakopoulos, Anastasios"]
[Black "Nikomanis, Andreas"]
[Result "1-0"]
[WhiteElo "2197"]
[BlackElo "1944"]
[PlyCount "51"]
[EventDate "2006.11.10"]
[EventType "swiss"]
[EventRounds "6"]
[EventCountry "GRE"]
[SourceTitle "EXT 2024"]
[Source "ChessBase"]
[SourceDate "2023.10.10"]
[SourceVersion "1"]
[SourceVersionDate "2023.10.10"]
[SourceQuality "1"]

1. d4 Nf6 2. c4 g6 3. Nc3 Bg7 4. e4 d6 5. f4 0-0 6. Nf3 Na6 7. Bd3 e5 8. fxe5 dxe5 9. d5 Qe7 10. 0-0 Nc5 11. Bc2 a5 12. Kh1 Bg4 13. Bg5 h6 14. Bh4 g5 15. Bf2 Rae8 16. h3 Bh5 17. Qe2 Ncd7 18. g4 Bg6 19. Be3 Nh7 20. Nd2 Rc8 21. Rf2 Nc5 22. Nf1 c6 23. Ng3 Nf6 24. Raf1 cxd5 25. Rxf6 Bxf6 26. Nxd5 1-0

[Event "Athens Smaok op 1th"]
[Site "Athens"]
[Date "2006.12.15"]
[Round "6"]
[White "Kokolias, Konstantinos"]
[Black "Drakopoulos, Anastasios"]
[Result "1-0"]
[WhiteElo "2230"]
[BlackElo "2197"]
[PlyCount "139"]
[EventDate "2006.11.10"]
[EventType "swiss"]
[EventRounds "6"]
[EventCountry "GRE"]
[SourceTitle "EXT 2024"]
[Source "ChessBase"]
[SourceDate "2023.10.10"]
[SourceVersion "1"]
[SourceVersionDate "2023.10.10"]
[SourceQuality "1"]

1. e4 c5 2. Nc3 d6 3. Nf3 Nf6 4. d4 cxd4 5. Nxd4 a6 6. g3 e5 7. Nf3 h6 8. Bg2 Be7 9. 0-0 Qc7 10. Re1 0-0 11. Nd2 b5 12. Nf1 Nbd7 13. Ne3 Nb6 14. Bd2 Nc4 15. Ncd5 Qd8 16. Nxc4 bxc4 17. Nxf6+ Bxf6 18. Bb4 Be7 19. Re3 Qb6 20. Ba3 Be6 21. Qe1 a5 22. Rc3 Rac8 23. Rd1 Kh7 24. Rd2 Rfd8 25. Bf3 g6 26. Qd1 Rd7 27. Bg4 f5 28. Bf3 fxe4 29. Bxe4 Rf8 30. h4 d5 31. Bxe7 Rxe7 32. Bxd5 Bxd5 33. Rxd5 Qxf2+ 34. Kh1 e4 35. Rd2 Qf5 36. Re3 Qh3+ 37. Kg1 h5 38. Qe1 Ref7 39. Rg2 Rf3 40. Rxe4 R8f7 41. Rxc4 R3f6 42. Re4 Qd7 43. Rge2 Qa7+ 44. Kg2 Qb7 45. c3 Re6 46. Kh3 Rxe4 47. Rxe4 Qxb2 48. a4 Qb3 49. Re7 Rxe7 50. Qxe7+ Kg8 51. Qd8+ Kh7 52. Qd7+ Kg8 53. Qc6 Qc2 54. Qd5+ Kh7 55. Qxa5 Qd1 56. Qa7+ Kg8 57. Qb8+ Kh7 58. Qc7+ Kh6 59. Qc6 Qf1+ 60. Kh2 Qe2+ 61. Qg2 Qc4 62. Qd2+ Kh7 63. Qc2 Kg7 64. a5 g5 65. Qd2 Kf7 66. hxg5 Kg8 67. Qd8+ Kf7 68. Qf6+ Ke8 69. Qe5+ Kf7 70. Qf4+ 1-0

[Event "Pagrati CC-ch"]
[Site "Pagrati"]
[Date "2006.10.17"]
[Round "3.2"]
[White "Galanos, Dimitrios"]
[Black "Drakopoulos, Anastasios"]
[Result "1/2-1/2"]
[WhiteElo "2147"]
[BlackElo "2197"]
[PlyCount "121"]
[EventDate "2006.09.28"]
[EventType "swiss"]
[EventRounds "7"]
[EventCountry "GRE"]
[SourceTitle "EXT 2024"]
[Source "ChessBase"]
[SourceDate "2023.10.10"]
[SourceVersion "1"]
[SourceVersionDate "2023.10.10"]
[SourceQuality "1"]

1. d4 d5 2. Nf3 Nf6 3. c4 c6 4. Nc3 a6 5. g3 dxc4 6. a4 Bf5 7. Bg2 a5 8. Ne5 e6 9. 0-0 Bb4 10. Bg5 h6 11. Bxf6 Qxf6 12. e4 Bh7 13. Qe2 0-0 14. Qxc4 Rd8 15. f4 Nd7 16. Kh1 Rac8 17. Rad1 Qe7 18. Nxd7 Qxd7 19. g4 Kh8 20. f5 exf5 21. gxf5 f6 22. Qe2 Re8 23. Qg4 Qf7 24. Ne2 Bd6 25. d5 Be5 26. Nd4 Bxd4 27. Rxd4 cxd5 28. Rxd5 Qc7 29. Rfd1 Red8 30. Qh5 Bg8 31. Rxd8 Rxd8 32. Rxd8 Qxd8 33. Qe2 Qd4 34. e5 Qxe5 35. Qxe5 fxe5 36. Bxb7 Bb3 37. Bc6 Kg8 38. Kg2 Kf7 39. Kf3 Kf6 40. Ke4 Bc2+ 41. Kd5 e4 42. Kc4 e3 43. Bf3 Bxa4 44. Kd4 Kxf5 45. Kxe3 Ke5 46. Be4 Be8 47. Bf3 g5 48. Be4 h5 49. Bg2 Bg6 50. Bf3 g4 51. Bg2 h4 52. Bb7 Bf7 53. Bc8 Be6 54. Bb7 Bd5 55. Bc8 g3 56. hxg3 hxg3 57. Bh3 g2 58. Bxg2 Bxg2 59. Kd3 Kd5 60. Kc3 Kc5 61. b3 1/2-1/2

[Event "Pagrati CC-ch"]
[Site "Pagrati"]
[Date "2006.10.09"]
[Round "2.2"]
[White "Drakopoulos, Anastasios"]
[Black "Klimis, Laertis"]
[Result "1-0"]
[WhiteElo "2197"]
[BlackElo "2048"]
[PlyCount "77"]
[EventDate "2006.09.28"]
[EventType "swiss"]
[EventRounds "7"]
[EventCountry "GRE"]
[SourceTitle "EXT 2024"]
[Source "ChessBase"]
[SourceDate "2023.10.10"]
[SourceVersion "1"]
[SourceVersionDate "2023.10.10"]
[SourceQuality "1"]

1. Nf3 Nf6 2. g3 d6 3. Bg2 e5 4. c4 Nc6 5. Nc3 Be6 6. d3 Be7 7. Rb1 Qd7 8. b4 Bh3 9. Bxh3 Qxh3 10. e3 0-0 11. b5 Nb8 12. a4 Nbd7 13. Ng5 Qg2 14. Qf3 Qxf3 15. Nxf3 Rfe8 16. Ba3 Bd8 17. Nd2 Be7 18. Ke2 Nf8 19. Rhc1 Ne6 20. Nb3 b6 21. Ra1 Bf8 22. a5 Rad8 23. Nd5 Nxd5 24. cxd5 Nc5 25. Bxc5 dxc5 26. axb6 axb6 27. e4 Bd6 28. Ra7 Kf8 29. Rca1 h5 30. Nd2 Re7 31. Nc4 Red7 32. Ke3 g5 33. f3 f6 34. Ke2 Ke7 35. Ne3 Kf7 36. Rh1 Rh8 37. Nf5 Be7 38. h4 Kg6 39. Rha1 1-0

[Event "Pagrati 1st"]
[Site "Pagrati"]
[Date "2006.04.14"]
[Round "11"]
[White "Kokolias, Konstantinos"]
[Black "Drakopoulos, Anastasios"]
[Result "0-1"]
[WhiteElo "2145"]
[BlackElo "2182"]
[PlyCount "78"]
[EventDate "2006.03.21"]
[EventType "tourn"]
[EventRounds "11"]
[EventCountry "GRE"]
[SourceTitle "EXT 2007"]
[Source "ChessBase"]
[SourceDate "2006.11.23"]
[SourceVersion "1"]
[SourceVersionDate "2006.11.23"]
[SourceQuality "1"]

1. e4 c5 2. Nf3 e6 3. d4 cxd4 4. Nxd4 a6 5. Nc3 Qc7 6. Bd3 Nf6 7. 0-0 Nc6 8. Nxc6 bxc6 9. Qe2 e5 10. Na4 d6 11. Be3 Rb8 12. f3 a5 13. c4 Be7 14. Rac1 Be6 15. Qf2 Qb7 16. Rfd1 0-0 17. b3 Rfe8 18. Bf1 d5 19. cxd5 cxd5 20. Nc5 Bxc5 21. Rxc5 dxe4 22. Rxe5 exf3 23. Rxa5 Ng4 24. Qd2 Bxb3 25. Rb5 Qe7 26. Bc5 Qe5 27. gxf3 Rxb5 28. Bd4 Qxh2+ 29. Qxh2 Nxh2 30. Bxb5 Rd8 31. Rd3 Bc2 32. Rc3 Nxf3+ 33. Rxf3 Rxd4 34. Rc3 Bf5 35. Rc5 g6 36. Bc4 Rd2 37. Rc7 Be6 38. Rc5 Bxc4 39. Rxc4 Rxa2 0-1

[Event "Pagrati 1st"]
[Site "Pagrati"]
[Date "2006.04.13"]
[Round "10"]
[White "Drakopoulos, Anastasios"]
[Black "Delithanasis, Dimitrios"]
[Result "0-1"]
[WhiteElo "2182"]
[BlackElo "2301"]
[PlyCount "54"]
[EventDate "2006.03.21"]
[EventType "tourn"]
[EventRounds "11"]
[EventCountry "GRE"]
[SourceTitle "EXT 2007"]
[Source "ChessBase"]
[SourceDate "2006.11.23"]
[SourceVersion "1"]
[SourceVersionDate "2006.11.23"]
[SourceQuality "1"]

1. d4 f5 2. g3 Nf6 3. Bg2 g6 4. c4 Bg7 5. Nh3 d6 6. d5 Na6 7. Nc3 0-0 8. 0-0 Nc5 9. Qc2 e5 10. dxe6 c6 11. b3 Nxe6 12. Rd1 Ne4 13. Nxe4 Bxa1 14. Bh6 Bg7 15. Bxg7 Nxg7 16. Nxd6 Qe7 17. Qd2 Be6 18. c5 Rfd8 19. Qh6 Ne8 20. Ng5 Rd7 21. Rd3 Nxd6 22. Rxd6 Rxd6 23. cxd6 Qd7 24. e4 fxe4 25. Bxe4 Bd5 26. Bxg6 hxg6 27. Qxg6+ Qg7 0-1